000 00343nam a2200145Ia 4500
100 _aDorsey/Paul/ Hudicka/ J.R.
942 _cBK
654 _acomputer
245 _aOracle 8 : Design using UML Object Modelling
260 _bTata Mc Graw hill
_c1999
082 _a005.13'O'
_bDOR/H
300 _a484
546 _aENGLISH
999 _c24099
_d24099